[Event "Cannes Open A"]
[Site "Cannes France"]
[EventDate "2007.02.18"]
[Date "2007.02.23"]
[Round "7"]
[White "BOZINOVIC, Boban"]
[WhiteTitle "-"]
[WhiteElo "2137"]
[Black "WAUTERS, Alain"]
[BlackTitle "-"]
[BlackElo "2177"]
[Result "0-1"]
[Source "MonRoi"]

1. e4 c5 2. Nf3 e6 3. d4 cxd4 4. Nxd4 Nc6 5. Nb5 d6 6. Bf4 e5 7. Be3 a6 8. N5c3 Nf6 9. Bg5 Be7 10. Bxf6 Bxf6 11. Nd5 Bg5 12. Nbc3 O-O 13. Bd3 Be6 14. O-O b5 15. a3 Nd4 16. Kh1 Rb8 17. f4 exf4 18. Nxf4 Bxf4 19. Rxf4 Qg5 20. Rf2 Nc6 21. Qd2 Qc5 22. b4 Qb6 23. Rd1 Ne5 24. Qf4 Rbc8 25. Nd5 Bxd5 26. exd5 Rc3 27. Re2 Rxa3 28. Rf1 Qc7 29. Re3 Rc3 30. h4 Rc8 31. h5 h6 32. Rg3 Nxd3 33. cxd3 Rc1 34. Rgf3 f6 35. Kh2 Rxf1 36. Rxf1 Re8 37. Rc1 Qd7 38. Rc6 Re5 39. Qf3 Qa7 40. Rc8 Kf7 41. Qg4 g5 42. hxg6 Kg7 43. Rd8 f5 44. Qh4 Qc7 45. Ra8 Rxd5 46. Rxa6 Rxd3 47. Qf4 Qd7 48. Qf2 Qe6 49. Ra7 Kxg6 50. Rb7 Qe5 51. g3 Re3 52. Kh3 Qe4 53. Rxb5 Qg4  0-1

[Event "Cannes Open A"]
[Site "Cannes France"]
[EventDate "2007.02.18"]
[Date "2007.02.23"]
[Round "7"]
[White "ZERMICHE, Cherif"]
[WhiteTitle "-"]
[WhiteElo "2105"]
[Black "VINSOT, Robin Gael"]
[BlackTitle "-"]
[BlackElo "2165"]
[Result "0-1"]
[Source "MonRoi"]

1. e4 e5 2. Nf3 Nc6 3. d4 exd4 4. Bc4 Bc5 5. Ng5 Nh6 6. Nxf7 Nxf7 7. Bxf7 Kxf7 8. Qh5 g6 9. Qxc5 d6 10. Qb5 Qe7 11. f3 a6 12. Qb3 Be6 13. Qd3 Qh4 14. g3 Qh3 15. Bd2 Ne5 16. Qe2 Bc4 17. Qf2 Kg7 18. Na3 c5 19. Nxc4 Nxc4 20. O-O-O Qe6 21. Kb1 Rhf8 22. c3 Qxe4 23. fxe4 Rxf2 24. Bc1 dxc3 25. bxc3 Re8 26. Rde1 b5 27. Ka1 Rc2 28. Rhf1 Rxh2 29. Rf3 Ne5 30. Rfe3 Rf8 31. Rd1 Nc4 32. Red3 Re2 33. Rh1 Rff2 34. e5 Rxe5 35. Bh6 Kg8 36. a4 Ree2 37. Bc1 Ra2 38. Kb1 Rae2 39. Rh4 Rf1 40. axb5 Rb2  0-1

[Event "Cannes Open A"]
[Site "Cannes France"]
[EventDate "2007.02.18"]
[Date "2007.02.23"]
[Round "7"]
[White "SCHMITZ, Andreas Arnold"]
[WhiteTitle "c"]
[WhiteElo "2101"]
[Black "ROUSSIERE, Christophe"]
[BlackTitle "-"]
[BlackElo "2139"]
[Result "1-0"]
[Source "MonRoi"]

1. e4 e5 2. Nf3 Nc6 3. Bc4 Nf6 4. Ng5 d5 5. exd5 Na5 6. Bb5 c6 7. dxc6 bxc6 8. Be2 h6 9. Nf3 e4 10. Ne5 Bd6 11. d4 Qc7 12. f4 exf3 13. Bxf3 Rb8 14. O-O O-O 15. b4 Bxb4 16. Ba3 Bxa3 17. Nxa3 c5 18. c3 Be6 19. Be2 cxd4 20. cxd4 Rb4 21. Nb5 Qb6 22. a4 a6 23. Qd2 Nd5 24. Nd3 Nb3  1-0

[Event "Cannes Open A"]
[Site "Cannes France"]
[EventDate "2007.02.18"]
[Date "2007.02.23"]
[Round "7"]
[White "PEPINO, Enrico"]
[WhiteTitle "-"]
[WhiteElo "2189"]
[Black "TRITAR, Kamel"]
[BlackTitle "-"]
[BlackElo "2108"]
[Result "1/2-1/2"]
[Source "MonRoi"]

1. e4 d5 2. exd5 Nf6 3. d4 Nxd5 4. Nf3 Bg4 5. Be2 Nc6 6. O-O e6 7. c4 Nb6 8. b3 Be7 9. Bb2 Bf6 10. Na3 Bxf3 11. Bxf3 Nxd4 12. Bxd4 Bxd4 13. Bxb7 O-O 14. Bxa8 Bxa1 15. Qxd8 Rxd8 16. Rxa1 Nxa8 17. Kf1 Kf8 18. Ke2 a6 19. Nc2 c5 20. Ne1 Nb6 21. Nd3 Rc8 22. Rd1 Ke7 23. Kd2 f6 24. Kc3 Rc7 25. f4 a5 26. g3 Rd7 27. Rd2 Rc7 28. Re2 Nc8 29. h3 Nd6 30. g4 Kd7 31. Nb2 f5 32. Nd3 Ne4 33. Kb2 g6 34. g5 Kc6 35. Nf2 Nxf2 36. Rxf2 Kd6 37. Rd2 Ke7 38. Re2 Kd6 39. Kc3 Re7 40. Rd2 Kc7 41. Re2 Kd6 42. Re5 h6 43. gxh6 g5 44. Re1 gxf4 45. Rg1 Rh7 46. Rg6 Ke5 47. Kd3 f3 48. Ke3 f4 49. Kxf3 Kf5 50. Rg4 e5 51. Rh4 e4 52. Kf2 Kg5 53. Rg4 Kf5 54. Rh4  1/2-1/2

[Event "Cannes Open A"]
[Site "Cannes France"]
[EventDate "2007.02.18"]
[Date "2007.02.23"]
[Round "7"]
[White "LELIMOUSIN, Vincent"]
[WhiteTitle "-"]
[WhiteElo "2142"]
[Black "CAROFF, Frederic"]
[BlackTitle "-"]
[BlackElo "2073"]
[Result "1/2-1/2"]
[Source "MonRoi"]

1. e4 c5 2. Nc3 a6 3. g3 b5 4. Bg2 Bb7 5. d3 e6 6. f4 d5 7. e5 Ne7 8. Nf3 Nf5 9. a3 Nc6 10. Ne2 d4 11. Ng5 h5 12. Ng1 Qb6 13. N1h3 Nce7 14. Qe2 Nd5 15. Ne4 Be7 16. Bf3 g6 17. Nhf2 Nfe3 18. Nd1 Qa5 19. Kf2 Nf5 20. Bd2 Qb6 21. Kg2 Rc8  1/2-1/2

[Event "Cannes Open A"]
[Site "Cannes France"]
[EventDate "2007.02.18"]
[Date "2007.02.23"]
[Round "7"]
[White "FONTAINE, Pierre"]
[WhiteTitle "-"]
[WhiteElo "2127"]
[Black "PARODI, Alessandro"]
[BlackTitle "-"]
[BlackElo "1893"]
[Result "1/2-1/2"]
[Source "MonRoi"]

1. e4 d6 2. d4 Nf6 3. Nc3 g6 4. Be3 Bg7 5. Qd2 O-O 6. O-O-O c6 7. f3 b5 8. g4 Qa5 9. Kb1 Re8 10. h4 h5 11. Bh6 Be6 12. Bxg7 Kxg7 13. g5 b4 14. gxf6 exf6 15. d5 bxc3 16. Qd4 cxd5  1/2-1/2

[Event "Cannes Open A"]
[Site "Cannes France"]
[EventDate "2007.02.18"]
[Date "2007.02.23"]
[Round "7"]
[White "FORTINO, Fabrizio"]
[WhiteTitle "-"]
[WhiteElo "2076"]
[Black "FERRIGNO, Jean Pierre"]
[BlackTitle "-"]
[BlackElo "2126"]
[Result "1/2-1/2"]
[Source "MonRoi"]

1. e4 g6 2. d4 Bg7 3. f4 c5 4. d5 d6 5. c4 Nf6 6. Nc3 O-O 7. Nf3 Bg4 8. Be2 Na6 9. O-O Nc7 10. a4 Na6 11. h3 Bxf3 12. Bxf3 Nd7 13. Re1 Nb4 14. Be3 a6 15. Bf2 Qc7 16. Bg3 Bd4 17. Kh2 e5 18. f5 Nb6 19. Qe2 Qe7 20. a5 Nd7 21. Rf1 Qg5 22. Nd1 Nf6 23. Be1 gxf5 24. exf5 e4 25. Bxe4 Rae8 26. Nc3 Bxc3 27. Bxc3 Nxe4 28. Rae1 Qg3 29. Kh1 Nxc3 30. Qxe8 Rxe8 31. Rxe8 Kg7 32. f6 Kh6 33. bxc3 Qxc3 34. Re4 Qg3 35. Rg4 Qc3 36. Rff4 Qe1 37. Kh2 Qe5 38. Rh4 Kg6 39. Rhg4 Kh5 40. Rh4 Kg6  1/2-1/2

[Event "Cannes Open A"]
[Site "Cannes France"]
[EventDate "2007.02.18"]
[Date "2007.02.23"]
[Round "7"]
[White "WUNDERMAN, Xavier"]
[WhiteTitle "-"]
[WhiteElo "2113"]
[Black "RYAN, Martin"]
[BlackTitle "-"]
[BlackElo "2024"]
[Result "1-0"]
[Source "MonRoi"]

1. e4 c5 2. Nc3 Nc6 3. g3 g6 4. Bg2 Bg7 5. d3 d6 6. Be3 e6 7. Qd2 Rb8 8. Nge2 Nd4 9. O-O b5 10. a3 a5 11. Kh1 Bd7 12. Ng1 Ne7 13. Rab1 b4 14. axb4 axb4 15. Nce2 O-O 16. f4 f5 17. Nf3 Nxe2 18. Qxe2 fxe4 19. Ng5 exd3 20. cxd3 h6 21. Ne4 Bc6 22. g4 Nd5 23. Bd2 Qd7 24. Rf3 Rf7 25. Bh3 Nf6 26. Kg1 Nxe4 27. dxe4 Bd4 28. Kh1 Qb7 29. Re1 Qb5 30. Qg2 Qb7 31. Qe2 d5 32. Be3 dxe4 33. Rg3 e5 34. fxe5 Bxe5 35. Rgg1 Qe7 36. g5 h5 37. Qc4 Bb5 38. Qxe4 Qd6 39. Bxc5 Qxc5 40. Qxe5 Bc6 41. Bg2 Bxg2 42. Kxg2 Rf2 43. Kh1 Qxe5 44. Rxe5 Rxb2 45. Re6 Kf7 46. Rf6 Kg7 47. Re1 Rb7 48. Ree6 Rb1 49. Kg2 Rf7 50. Rxg6 Kf8 51. Rh6 Rb2 52. Kg3 Rb3 53. Kh4 Rf4 54. Kxh5 Rh3 55. Kg6 Rxh6 56. gxh6 Rg4 57. Kh5 Rg2 58. h4 Kg8 59. Rb6 Rb2 60. Rb7 b3 61. h7  1-0

[Event "Cannes Open A"]
[Site "Cannes France"]
[EventDate "2007.02.18"]
[Date "2007.02.23"]
[Round "7"]
[White "HAUSEUX, Philippe"]
[WhiteTitle "-"]
[WhiteElo "2061"]
[Black "ARDUIN, Antoine"]
[BlackTitle "-"]
[BlackElo "1876"]
[Result "1-0"]
[Source "MonRoi"]

1. e4 e6 2. d4 c5 3. Nf3 cxd4 4. Nxd4 Nc6 5. Nc3 a6 6. Nxc6 bxc6 7. Bd3 d5 8. O-O Bc5 9. Qg4 Kf8 10. e5 Qc7 11. Bf4 Rb8 12. Rab1 Bd4 13. Qg3 Ne7 14. Rfe1 Rxb2 15. Rxb2 Bxc3 16. Reb1 Bxb2 17. Rxb2 c5 18. c3 Nc6 19. Rc2 Bb7 20. h4 Qb6 21. Qe3 h6 22. Qc1 c4 23. Rb2 Qc7 24. Bc2 Ke7 25. Qb1 Rb8 26. Be3 Bc8 27. Bc5 Ke8 28. Ba4 Rxb2 29. Qxb2 Qb7 30. Qc2 g6 31. Qc1 Bd7 32. Qxh6 Kd8 33. Bd6 Be8 34. Qc1 Qb6 35. g4 Nxe5 36. Bxe5 Bxa4 37. Qh6 Qb1 38. Kh2 Qe1 39. Qf8 Kd7 40. Qxf7 Kd8 41. Bd6 Bd7 42. Qf8  1-0

[Event "Cannes Open A"]
[Site "Cannes France"]
[EventDate "2007.02.18"]
[Date "2007.02.23"]
[Round "7"]
[White "BRUNED, Vianney"]
[WhiteTitle "-"]
[WhiteElo "1945"]
[Black "BRONGERS, Henk"]
[BlackTitle "-"]
[BlackElo "1969"]
[Result "1/2-1/2"]
[Source "MonRoi"]

1. e4 c6 2. d4 d5 3. Nc3 dxe4 4. Nxe4 Nf6 5. Nxf6 gxf6 6. Nf3 Bf5 7. Bd3 e6 8. c3 Bxd3 9. Qxd3 Qc7 10. Be3 Nd7 11. O-O-O O-O-O 12. Qc2 Kb8 13. g3 h5 14. Bf4 Bh6 15. Bxh6 Rxh6 16. Rhe1 Rhh8 17. Qe4 f5 18. Qe3 Nf6 19. h4 Nd5 20. Qe5 Rde8 21. Qxc7 Kxc7 22. Ng5 Rhf8 23. Nh7 Rh8 24. Ng5 Rhf8 25. Nh7 Rh8 26. Ng5  1/2-1/2

[Event "Cannes Open A"]
[Site "Cannes France"]
[EventDate "2007.02.18"]
[Date "2007.02.23"]
[Round "7"]
[White "PIERRARD, Bernard"]
[WhiteTitle "-"]
[WhiteElo "1976"]
[Black "OGANESSIAN, Gaguik"]
[BlackTitle "-"]
[BlackElo "2079"]
[Result "1/2-1/2"]
[Source "MonRoi"]

1. b3 e5 2. Bb2 Nc6 3. e3 d5 4. Bb5 Bd6 5. f4 Qe7 6. Nf3 Bg4 7. h3 Bxf3 8. Qxf3 Nf6 9. O-O O-O 10. Bxc6 bxc6 11. Nc3 e4 12. Qf2 Ba3 13. Bxa3 Qxa3 14. Ne2 Qd6 15. g4 h5 16. Qh4 g6 17. Ng3 hxg4 18. hxg4 Kg7 19. Kg2 Rh8 20. Qg5 Nh7 21. Nf5 Kg8 22. Nh6 Kg7 23. Nf5 Kg8 24. Nh6 Kf8 25. Qh4 Nf6 26. g5 Ng8 27. Rh1 f5 28. Qg3 Nxh6 29. gxh6 Rh7 30. d4 Kf7 31. c4 Rah8 32. c5 Qf8 33. Qg5 Rxh6 34. Rxh6 Qxh6 35. Qxh6 Rxh6 36. b4 g5 37. fxg5 Rh5 38. Rb1 Rxg5 39. Kf2 f4 40. exf4 Rg4 41. Rh1 Rxf4 42. Ke2 Rg4 43. Rh7 Rg7 44. Rh6 Rg2 45. Ke3 Rxa2 46. Rxc6 Rb2 47. Rxc7 Ke6 48. Rc6 Kf5 49. Rd6 Rb3 50. Ke2 Rb2 51. Ke3 Rb3 52. Ke2 Rxb4 53. Rxd5 Kf4 54. c6 Rb2 55. Kd1 Rb8 56. Ra5 Rb4 57. Rd5 Rc4 58. Rd6 a5 59. Rd5 a4 60. Ra5 Rxd4 61. Ke2 Rc4 62. c7 Rxc7 63. Rxa4 Rc2 64. Kd1 Rh2 65. Ra3 Rf2 66. Ke1 Rb2 67. Rc3 Ra2 68. Rb3 Rc2 69. Ra3 Rh2 70. Rb3 Rh5 71. Ke2 Ra5 72. Rb2 Ra4 73. Rc2 Rb4 74. Ra2 Rc4 75. Rb2 e3 76. Rb8 Rc2 77. Ke1  1/2-1/2

[Event "Cannes Open A"]
[Site "Cannes France"]
[EventDate "2007.02.18"]
[Date "2007.02.23"]
[Round "7"]
[White "LEVACIC, Adrien"]
[WhiteTitle "-"]
[WhiteElo "1853"]
[Black "GIRARD, Jean Pierre"]
[BlackTitle "-"]
[BlackElo "2028"]
[Result "0-1"]
[Source "MonRoi"]

1. d4 Nf6 2. c4 e6 3. Nf3 b6 4. g3 Bb7 5. Bg2 Bb4 6. Bd2 Be7 7. Bf4 d6 8. Nc3 Nbd7 9. O-O O-O 10. Re1 c5 11. d5 e5 12. Bc1 a6 13. e4 Re8 14. Nh4 Nf8 15. Nf5 Ng6 16. f4 Bf8 17. Qb3 Rb8 18. a4 Bc8 19. Bd2 h5 20. Ne2 h4 21. fxe5 Rxe5 22. Bf4 Re8 23. Bg5 h3 24. Bh1 Ne5 25. Nf4 g6 26. Nh4 Bg7 27. Nf3 Bg4 28. Rab1 Qc7 29. Bh4 Nh7 30. Nxe5 dxe5 31. Ne2 g5 32. Rbd1 Qd6 33. Bxg5 Nxg5 34. Rd2 f5 35. Qe3 Bh6  0-1

[Event "Cannes Open A"]
[Site "Cannes France"]
[EventDate "2007.02.18"]
[Date "2007.02.23"]
[Round "7"]
[White "HENRY, Herve"]
[WhiteTitle "-"]
[WhiteElo "1670"]
[Black "GALLUCCI, Alessio"]
[BlackTitle "-"]
[BlackElo "1910"]
[Result "0-1"]
[Source "MonRoi"]

1. b3 e5 2. Bb2 Nc6 3. e3 d6 4. Nf3 Bg4 5. Be2 Nf6 6. d4 exd4 7. Nxd4 Nxd4 8. Bxd4 Bxe2 9. Qxe2 a6 10. Nd2 Be7 11. O-O O-O 12. c4 Nd7 13. Ne4 f5 14. Ng3 Ne5 15. Rad1 Nc6 16. Qf3 Kh8 17. Nxf5 Nxd4 18. Rxd4 g6 19. e4 gxf5 20. exf5 Bf6 21. Re4 Be5 22. Qh5 Qe8 23. Qe2 Qc6 24. f4 Bf6 25. g4 Rae8 26. Re1 Rxe4 27. Qxe4 Qxe4 28. Rxe4 Rf7 29. g5 Re7 30. Rxe7 Bxe7 31. Kg2 c6 32. Kf3 d5 33. cxd5 cxd5 34. f6 Ba3 35. h4 h5 36. f5 Bb2 37. a4 Kg8 38. Ke2 Kf7 39. Kd3 Be5 40. b4 Bg3 41. Kd4 Bxh4 42. g6 Kxf6 43. Kxd5 Be1 44. b5 axb5 45. axb5 Bc3 46. b6 Kxf5  0-1

[Event "Cannes Open A"]
[Site "Cannes France"]
[EventDate "2007.02.18"]
[Date "2007.02.23"]
[Round "7"]
[White "PERANO, Simone"]
[WhiteTitle "-"]
[WhiteElo "1584"]
[Black "MARCHANDISE, Frederic"]
[BlackTitle "-"]
[BlackElo "1780"]
[Result "0-1"]
[Source "MonRoi"]

1. e4 e6 2. d4 d5 3. e5 c5 4. c3 Nc6 5. Nf3 Qb6 6. a3 Nge7 7. b4 cxd4 8. cxd4 Nf5 9. Be3 Bd7 10. Nc3 Be7 11. Qd2 Nxe3 12. fxe3 O-O 13. Bd3 a6 14. O-O Qd8 15. Qc2 h6 16. Ne2 Rc8 17. Qb1 f5 18. Nf4 Bg5 19. Qb2 Qb6 20. Qf2 Ne7 21. Rfc1 Rc6 22. Nd2 Rfc8 23. Nb3 Qd8 24. Rxc6 Rxc6 25. Nc5 Qc8 26. Ne2 Ng6 27. Rd1 Be8 28. g3 Qc7 29. Kg2 a5 30. Rc1 Bf7 31. b5 Nxe5 32. bxc6 Ng4 33. Qe1 Nxe3 34. Kh1 Bh5 35. Ng1 Qxc6 36. Be2 Bxe2 37. Nxe2 Nc4 38. Ra1 e5 39. Nd3 Be3 40. dxe5  0-1

[Event "Cannes Open A"]
[Site "Cannes France"]
[EventDate "2007.02.18"]
[Date "2007.02.24"]
[Round "8"]
[White "BOSIOCIC, Marin"]
[WhiteTitle "IM"]
[WhiteElo "2474"]
[Black "PALAC, Mladen"]
[BlackTitle "GM"]
[BlackElo "2571"]
[Result "1/2-1/2"]
[Source "MonRoi"]

1. d4 Nf6 2. c4 e6 3. Nf3 b6 4. Bf4 Bb4 5. Nbd2 Bb7 6. a3 Be7 7. e3 c5 8. Bd3 O-O 9. O-O Nh5 10. Bg3 Nxg3 11. hxg3 cxd4 12. Nxd4 a6 13. Be4 Qc7 14. Rc1 Nc6 15. Nxc6 Bxc6 16. g4 Rac8 17. Bxc6 Qxc6 18. Nf3 Rc7 19. Qd3 Rfc8 20. Nd4 Qd6 21. Rfd1 Bf6 22. Qe2 Qe5 23. Rc3 Qe4 24. Kf1 g6 25. Kg1 Kg7 26. f3 Qb7 27. Rc2 h6 28. Rdc1 e5 29. Nb3 a5 30. Qd3 d5 31. cxd5 Rxc2  1/2-1/2

[Event "Cannes Open A"]
[Site "Cannes France"]
[EventDate "2007.02.18"]
[Date "2007.02.24"]
[Round "8"]
[White "FELLER, Sebastien"]
[WhiteTitle "FM"]
[WhiteElo "2431"]
[Black "NIKCEVIC, Nebojsa"]
[BlackTitle "GM"]
[BlackElo "2448"]
[Result "0-1"]
[Source "MonRoi"]

1. d4 Nf6 2. c4 e6 3. Nf3 b6 4. Nc3 Bb7 5. Bg5 h6 6. Bh4 g5 7. Bg3 Nh5 8. Be5 f6 9. Bg3 Nxg3 10. hxg3 f5 11. e3 Bg7 12. Qc2 Nc6 13. a3 Qe7 14. O-O-O O-O-O 15. Kb1 Kb8 16. Rc1 h5 17. Qa4 f4 18. gxf4 gxf4 19. d5 Ne5 20. Nd4 fxe3 21. c5 exd5 22. Ncb5 a5 23. Nxc7 Nc4 24. Bxc4 dxc4 25. cxb6 Bxd4 26. Qxa5 d5 27. Qa7 Kc8 28. Nxd5 Qe4 29. Rc2 Qxd5 30. Rhc1 c3 31. Rxc3 Bxc3 32. Rxc3 Kd7 33. Qa4 Bc6 34. Qa7 Bb7 35. Qa4 Ke6 36. Rxe3 Kf5 37. Re1 Qd3 38. Ka1 Rhe8 39. Rxe8 Qf1 40. Ka2 Bd5 41. b3 Bxb3 42. Kxb3 Qd1  0-1

[Event "Cannes Open A"]
[Site "Cannes France"]
[EventDate "2007.02.18"]
[Date "2007.02.24"]
[Round "8"]
[White "WOHL, Aleksandar"]
[WhiteTitle "-"]
[WhiteElo "2425"]
[Black "HESS, Robert"]
[BlackTitle "FM"]
[BlackElo "2394"]
[Result "1/2-1/2"]
[Source "MonRoi"]

1. Nf3 g6 2. h4 Nf6 3. Nc3 d5 4. d3 c5 5. Bf4 d4 6. Ne4 Nxe4 7. dxe4 Nc6 8. h5 Bg7 9. h6 Bf6 10. e5 Qc7 11. e3 Nxe5 12. Nxe5 Bxe5 13. Bxe5 Qxe5 14. Bb5 Bd7 15. Bxd7 Kxd7 16. Qf3 Kc7 17. O-O-O Rad8 18. exd4 Qd5 19. Qf4 Kc8 20. dxc5 Qxa2 21. c3 e5 22. Qb4 Qa6 23. Rhe1 Rxd1 24. Rxd1 Rd8 25. Rxd8 Kxd8 26. c4 Kc7 27. Qc3 Qf6 28. Qa5 Kb8 29. Kb1 Qf5 30. Ka1 Qd3 31. Qa4 Kc7 32. c6 bxc6 33. Qxa7 Kd6 34. Qb8 Kd7 35. Qb7 Kd6 36. Qb4 Ke6 37. Ka2 Qd4 38. Qa4 Kd6 39. Qb4 Ke6 40. Qa4 Kd6 41. Qb4  1/2-1/2

[Event "Cannes Open A"]
[Site "Cannes France"]
[EventDate "2007.02.18"]
[Date "2007.02.24"]
[Round "8"]
[White "CLERY, Nicolas"]
[WhiteTitle "FM"]
[WhiteElo "2324"]
[Black "FOISOR, Ovidiu Doru"]
[BlackTitle "IM"]
[BlackElo "2418"]
[Result "0-1"]
[Source "MonRoi"]

1. d4 g6 2. c4 Bg7 3. Nf3 d6 4. Nc3 Nf6 5. e4 O-O 6. Be2 c5 7. d5 e6 8. Nd2 Na6 9. O-O Nc7 10. Kh1 Rb8 11. a4 b6 12. Ra3 Re8 13. Rb3 Na6 14. Nb5 Rb7 15. f4 exd5 16. cxd5 Nxe4 17. Nxe4 Rxe4 18. Nxd6 Qxd6 19. Bxa6 Rc7 20. Bxc8 Rxc8 21. f5 Rd4 22. Qe2 Qxd5 23. Re3 Qc6 24. fxg6 hxg6 25. Re7 Rf8 26. Rxa7 Rxa4 27. Rxa4 Qxa4 28. Qf3 Qd7 29. b3 Qe6 30. h4 b5 31. Bd2 c4 32. bxc4 Qxc4 33. Bg5 Qc3 34. Qb7 Qc4 35. Rc1 Qe2 36. Rb1 Be5 37. Qxb5 Rb8 38. Qxb8 Bxb8 39. Rxb8 Kg7 40. Rb1 Qf2 41. h5 Qf5 42. Rb7 Qxg5 43. hxg6 Kxg6 44. Rb1 Qh4 45. Kg1 Qd4 46. Kh1 Qd3 47. Rb7 Kg5 48. Kh2 Qd6 49. Kg1 f5 50. Rh7 Qd4 51. Kh2 f4 52. Rh3 Kf5 53. Kh1 Ke4 54. Kh2 Qe3 55. Rh7 Qg3 56. Kh1 Ke3 57. Ra7 Qe1 58. Kh2 Kf2 59. Ra2 Kf1 60. Ra3 Qe2 61. Ra1 Kf2 62. Ra3 Qh5 63. Rh3 Qd1 64. Ra3 Qg1  0-1

[Event "Cannes Open A"]
[Site "Cannes France"]
[EventDate "2007.02.18"]
[Date "2007.02.24"]
[Round "8"]
[White "FARGERE, Francois"]
[WhiteTitle "FM"]
[WhiteElo "2330"]
[Black "MOGRANZINI, Roberto"]
[BlackTitle "FM"]
[BlackElo "2401"]
[Result "1/2-1/2"]
[Source "MonRoi"]

1. e4 c5 2. Nf3 d6 3. d4 cxd4 4. Nxd4 Nf6 5. Nc3 a6 6. Be2 e6 7. O-O Be7 8. a4 Nc6 9. Be3 Qc7 10. f4 O-O 11. Kh1 Bd7 12. Nb3 b6 13. Bf3 Rab8 14. g4 Bc8 15. g5 Nd7 16. Bg2 Re8 17. Qh5 g6 18. Qh3 Nb4 19. Rf2 Bf8 20. Raf1 Bg7 21. f5 Ne5 22. fxg6 fxg6 23. Bd4 Nbc6 24. Be3 Bd7 25. Rd1 Nc4 26. Bc1 b5 27. axb5 axb5 28. Nd2 N4e5 29. Nf3 b4 30. Ne2 Nxf3 31. Qxf3 Ne5 32. Qb3 Nc4 33. Nf4 Qc5 34. Rff1 Qb5 35. Rfe1 Rbc8 36. Nd3 Rb8 37. Nf4 Rbc8 38. Nd3  1/2-1/2

[Event "Cannes Open A"]
[Site "Cannes France"]
[EventDate "2007.02.18"]
[Date "2007.02.24"]
[Round "8"]
[White "SAATDJIAN, Thomas"]
[WhiteTitle "-"]
[WhiteElo "2187"]
[Black "PETROSIAN, Suren"]
[BlackTitle "IM"]
[BlackElo "2391"]
[Result "1/2-1/2"]
[Source "MonRoi"]

1. Nf3 c5 2. c4 g6 3. d4 Bg7 4. e4 d6 5. d5 e6 6. Bd3 exd5 7. exd5 Bg4 8. O-O Ne7 9. Nbd2 O-O 10. h3 Bxf3 11. Nxf3 Nd7 12. Bf4 Nc8 13. Qd2 b6 14. Rae1 a6 15. a4 Ra7 16. Re2 f6 17. Bg3 Ne5 18. Nh2 Re7 19. Rfe1 Rfe8 20. b3 Qd7 21. Bc2 b5 22. f4 Nf7 23. axb5 axb5 24. Nf3 bxc4 25. bxc4 Nb6 26. Qd3 f5 27. Rxe7 Rxe7 28. Rb1 Qa7 29. Bh4 Re8 30. Kh2 Nd7 31. g4 fxg4 32. hxg4 Nf6 33. Rg1 Qd7 34. f5 gxf5 35. gxf5 Kh8 36. Kh1 Ne5 37. Nxe5 Rxe5 38. Qg3 Qf7 39. Rb1 Re8 40. Rb6 Nh5 41. Qf3 Be5 42. f6 Nxf6 43. Qf5 Qh5 44. Qxh5 Nxh5 45. Rb7 Ng7 46. Rd7 Kg8 47. Be7 Ra8 48. Be4 Ra1 49. Kg2 Re1 50. Kf3 Rf1  1/2-1/2

[Event "Cannes Open A"]
[Site "Cannes France"]
[EventDate "2007.02.18"]
[Date "2007.02.24"]
[Round "8"]
[White "NEIMAN, Emmanuel"]
[WhiteTitle "FM"]
[WhiteElo "2358"]
[Black "DUBREUIL, Julien"]
[BlackTitle "-"]
[BlackElo "2278"]
[Result "1-0"]
[Source "MonRoi"]

1. d4 Nf6 2. Nf3 d5 3. c4 c6 4. e3 e6 5. Nc3 Nbd7 6. Qc2 Bd6 7. Be2 O-O 8. O-O Qe7 9. a3 dxc4 10. Bxc4 e5 11. h3 a6 12. Ba2 Bb8 13. Bd2 h6 14. Nh4 exd4 15. exd4 Qd6 16. Nf3 b6 17. Rfe1 Bb7 18. Bxh6 gxh6 19. Qg6 Kh8 20. Bxf7 Nh7 21. Re6 Qf4 22. Re7 Qf6 23. Rae1 Bc8 24. R1e6 Qxg6 25. Bxg6 Nhf6 26. Nh4 Rg8 27. Ne4 Rg7 28. Bf5 Rxe7 29. Ng6 Kg8 30. Rxe7 Nxe4 31. Be6  1-0

[Event "Cannes Open A"]
[Site "Cannes France"]
[EventDate "2007.02.18"]
[Date "2007.02.24"]
[Round "8"]
[White "FOISOR, Cristina Adela"]
[WhiteTitle "IM"]
[WhiteElo "2399"]
[Black "BRUNED, Yvain"]
[BlackTitle "FM"]
[BlackElo "2335"]
[Result "1/2-1/2"]
[Source "MonRoi"]

1. c4 Nf6 2. g3 e6 3. Bg2 d5 4. Nf3 Be7 5. O-O O-O 6. b3 b6 7. Bb2 Bb7 8. e3 c5 9. d3 dxc4 10. bxc4 Nc6 11. Qe2 Qc7 12. Nc3 Rad8 13. Rfd1 Rd7 14. a4 Rfd8 15. Ne1 Na5 16. Nb5 Qb8 17. Bxb7 Qxb7 18. Bc3 Nc6 19. Rdb1 a5 20. Ra2 Ne8 21. f4 Bf6 22. Bd2 g6 23. Rb3 Nc7 24. Nxc7 Qxc7 25. Rb5 Bg7 26. Ra3 Nb4 27. Rb3 Rd6 28. Kf2 f5 29. Bc1 e5 30. fxe5 Re6 31. Nf3 Bxe5 32. Nxe5 Rxe5 33. Bd2 Re6 34. Bxb4 axb4 35. Rb2 Ra8 36. Qf3 Rxa4 37. Qd5 Qd6 38. d4 Qxd5 39. cxd5 Rd6 40. dxc5 Rxd5 41. Rxb6 Rxc5 42. h4 b3 43. R6xb3 Rac4 44. Kf3 Kg7 45. Rb7 Rc7 46. R2b4 Kf6 47. Rxc7 Rxc7 48. g4 Re7 49. Rf4 Ke5 50. g5 Ra7 51. Rb4 Rc7 52. Rb5 Ke6 53. Rb6 Ke5 54. Rb8 Ra7 55. Re8 Kd6 56. h5 gxh5 57. Kf4 h4 58. Rf8 Re7 59. Rxf5 h3 60. Ra5 h2 61. Ra6 Kd5 62. Rh6 Rf7 63. Kg3 Ke4 64. Rxh2 Kxe3 65. Kg4 Rf4 66. Kh5 Rf7 67. Kh6 Kf3 68. Rh4 Kg3 69. Ra4 Rb7  1/2-1/2

[Event "Cannes Open A"]
[Site "Cannes France"]
[EventDate "2007.02.18"]
[Date "2007.02.24"]
[Round "8"]
[White "ARSENAULT, Nicolas"]
[WhiteTitle "-"]
[WhiteElo "2112"]
[Black "LECONTE, Maria"]
[BlackTitle "WGM"]
[BlackElo "2377"]
[Result "1/2-1/2"]
[Source "MonRoi"]

1. e4 e6 2. d4 d5 3. Nc3 Bb4 4. exd5 exd5 5. Bd3 Nc6 6. a3 Be7 7. Bf4 Be6 8. Nf3 Bf6 9. O-O g5 10. Be5 g4 11. Bxf6 Qxf6 12. Ne5 Nxd4 13. Nxg4 Qg7 14. Ne3 O-O-O 15. f4 f5 16. Ne2 Nh6 17. Ng3 Rhf8 18. c3 Nc6 19. Qh5 Qf6 20. Bb5 d4 21. Bxc6 dxe3 22. Bf3 Rd2 23. Rae1 Bc4 24. Be2 Bb3 25. h3 Rg8 26. Kh2 Bd5 27. c4 Bc6 28. b4 b6 29. b5 Bb7 30. Bf3 Bxf3 31. Qxf3 Kb8 32. Rxe3 Qh4 33. Kg1 Qd8 34. Rfe1 Qd4 35. Kh2 Qxc4 36. Re8 Rd8 37. Rxg8 Rxg8 38. Qc6 Qxf4 39. Re8 Rxe8 40. Qxe8 Kb7 41. Qc6 Kb8  1/2-1/2

[Event "Cannes Open A"]
[Site "Cannes France"]
[EventDate "2007.02.18"]
[Date "2007.02.24"]
[Round "8"]
[White "SARAVANAN, V"]
[WhiteTitle "IM"]
[WhiteElo "2374"]
[Black "VAN HEIRZEELE, Daniel"]
[BlackTitle "-"]
[BlackElo "2234"]
[Result "1/2-1/2"]
[Source "MonRoi"]

1. Nf3 Nf6 2. c4 e6 3. Nc3 c5 4. g3 d5 5. cxd5 Nxd5 6. Bg2 Nc6 7. O-O Be7 8. d4 O-O 9. Nxd5 exd5 10. dxc5 Bxc5 11. Bg5 Qb6 12. Rc1 Qb5 13. a4 Qa5 14. Bd2 Bb4 15. Bxb4 Qxb4 16. b3 Be6 17. Ne1 Nd4 18. e3 Nxb3 19. Rb1 d4  1/2-1/2

[Event "Cannes Open A"]
[Site "Cannes France"]
[EventDate "2007.02.18"]
[Date "2007.02.24"]
[Round "8"]
[White "FOISOR, Sabina Francesca"]
[WhiteTitle "WIM"]
[WhiteElo "2342"]
[Black "RAVOT, Sylvain"]
[BlackTitle "-"]
[BlackElo "2218"]
[Result "1-0"]
[Source "MonRoi"]

1. d4 Nf6 2. c4 g6 3. Nc3 Bg7 4. e4 d6 5. f3 O-O 6. Be3 e5 7. d5 c6 8. Qd2 cxd5 9. cxd5 Nh5 10. Nge2 f5 11. O-O-O Nf6 12. Kb1 fxe4 13. Nxe4 Nxe4 14. fxe4 Nd7 15. Nc3 a6 16. Be2 Nf6 17. h3 b5 18. Bf3 Bd7 19. Rc1 Qb8 20. Nd1 a5 21. Nf2 Qb7 22. Be2 b4 23. g4 Ne8 24. h4 Nc7 25. h5 Be8 26. Nh3 Bf6 27. Bh6 Rf7 28. hxg6 hxg6 29. Ng5 Re7 30. Rcf1 Bg7 31. Bxg7 Rxg7 32. Bc4  1-0